Advanced Text Anonymization for Intelligent Data Processing

Saved in:
Bibliographic Details
Main Author: Nagy, András (Author)
Other Authors: Lytvyn, Oleksandr (Thesis advisor)
Format: Manuscript Book
Language:Slovak
English
Published: 2025
Subjects:
Online Access:http://is.stuba.sk/zp/portal_zp.pl?podrobnosti=184127
Tags: Add Tag
No Tags, Be the first to tag this record!

MARC

LEADER 00000ntm a22000003a 4500
001 stuzp105790
003 SK-STU
005 20250607211617.6
007 ta
008 150427s2015----xo-----f-mn---000-0-slo-d
040 |a STU  |b slo 
041 0 |a eng 
100 1 |a Nagy, András  |u 070200  |4 aut  |U FIIT Fakulta informatiky a informačných technológií  |T FIIT Ústav informatiky, informačných systémov a softvérového inžinierstva  |X 110855  |U I200  |Y 179  |7 110855 
242 0 1 |a Pokročilá anonymizácia textu pre inteligentné spracovanie dát  |y slo 
245 1 0 |a Advanced Text Anonymization for Intelligent Data Processing 
260 |c 2025 
650 4 |a text anonymization  |2 eng 
650 4 |a information preservation  |2 eng 
650 4 |a data processing  |2 eng 
650 4 |a privacy preservation  |2 eng 
650 4 |a data privacy  |2 eng 
650 4 |a spracovanie údajov  |2 slo 
650 4 |a anonymizácia textu  |2 slo 
650 4 |a zachovanie informácií  |2 slo 
650 4 |a ochrana údajov  |2 slo 
650 4 |a zachovanie súkromia  |2 slo 
700 1 |a Lytvyn, Oleksandr  |u 070200  |k Z3  |4 ths  |U FIIT Fakulta informatiky a informačných technológií  |T FIIT Ústav informatiky, informačných systémov a softvérového inžinierstva  |X 111742  |U I200  |Y 179  |7 111742 
856 4 |u http://is.stuba.sk/zp/portal_zp.pl?podrobnosti=184127